Basic immunology : Functions and disorders of the immune system
Expert clinical guidance through the immune system. It provides what it claims; a simple, easy to understand, upto date, immunology text with great, full color pictures and nice tables
Salvato in:
| Autore principale: | |
|---|---|
| Natura: | Libro |
| Lingua: | Undetermined |
| Pubblicazione: |
Philadelphia, P.A.
Saunders/Elsevier
2009
|
| Soggetti: | |
| Tags: |
Aggiungi Tag
Nessun Tag, puoi essere il primo ad aggiungerne! !
|
| Thư viện lưu trữ: | Trung tâm Học liệu Trường Đại học Cần Thơ |
|---|
| LEADER | 00915nam a2200229Ia 4500 | ||
|---|---|---|---|
| 001 | CTU_154806 | ||
| 008 | 210402s9999 xx 000 0 und d | ||
| 020 | |c 1103000 | ||
| 082 | |a 616.079 | ||
| 082 | |b A122 | ||
| 100 | |a Abbas, Abul K. | ||
| 245 | 0 | |a Basic immunology : | |
| 245 | 0 | |b Functions and disorders of the immune system | |
| 245 | 0 | |c Abul K. Abbas, Andrew H. Lichtman | |
| 260 | |a Philadelphia, P.A. | ||
| 260 | |b Saunders/Elsevier | ||
| 260 | |c 2009 | ||
| 520 | |a Expert clinical guidance through the immune system. It provides what it claims; a simple, easy to understand, upto date, immunology text with great, full color pictures and nice tables | ||
| 650 | |a Immunology,Immunity,Immune System,Miễn dịch học,Sự miễn dịch,Hệ thống miễn dịch | ||
| 650 | |x Physiology,Sinh lý học | ||
| 904 | |i Năm | ||
| 980 | |a Trung tâm Học liệu Trường Đại học Cần Thơ | ||